Education 5.0/ (Record no. 214320)

MARC details
000 -LEADER
fixed length control field 00600nam a22001817a 4500
005 - DATE AND TIME OF LATEST TRANSACTION
control field 20260128130004.0
010 ## - LCCN (DPL NO)
LC control number ENG-147554
020 ## - INTERNATIONAL STANDARD BOOK NUMBER
Terms of availability 150.00
International Standard Book Number 9789348685490
035 ## - SYSTEM CONTROL NUMBER
System control number EN-131086
037 ## - SOURCE OF ACQUISITION
Source of stock number/acquisition DBAD
Stock number DPL
082 ## - DEWEY DECIMAL CLASSIFICATION NUMBER
Classification number 374
Edition number 1
245 ## - TITLE STATEMENT
Title Education 5.0/
Statement of responsibility, etc edited By Maria Charles
250 ## - EDITION STATEMENT
Edition statement 1
260 ## - PUBLICATION, DISTRIBUTION, ETC. (IMPRINT)
Name of publisher, distributor, etc ATC Publishers
Place of publication, distribution, etc Bengaluru
Date of publication, distribution, etc 2025
270 ## - ADDRESS
Address St's Mary Block, Archdiocesan,Pastoral Center,#5, Nandidurga Road,Benson Town
City Bengaluru
Postal code 560046
Telephone number +918025491999
-- 7090100444
Electronic mail address info@atcpublishers.com
300 ## - PHYSICAL DESCRIPTION
Extent 113p.
Dimensions 21cm(pb)
942 ## - ADDED ENTRY ELEMENTS (KOHA)
Source of classification or shelving scheme Dewey Decimal Classification
Item type English Books
Classification part 374
Call number suffix EDU
Holdings
Withdrawn status Lost status Not for loan Collection code Home library Current library Date acquired Source of acquisition Cost, normal purchase price Full call number Barcode Copy number Cost, replacement price Koha item type
    Not For Loan Non-fiction Ashok Vihar Ashok Vihar 20/01/2026 Delivery of Books Act Division 150.00 374 EDU EN-131086 1 150.00 English Books

© Delhi Public Library
Hit Counter
free hit counter